| 000 | 00374pab a2200145 454500 | ||
|---|---|---|---|
| 008 | 180718b1986 xxu||||| |||| 00| 0 eng d | ||
| 100 | _aNavlakha, Gautam | ||
| 245 |
_aMuslim Mainstenance Bill _bA postscript |
||
| 260 | _c1986 | ||
| 300 | _a1691-2 | ||
| 362 | _a20-27 Sept. | ||
| 650 | _aMohammedan Law - India | ||
| 773 | _aEconomic and Political Weekly | ||
| 909 | _a13600 | ||
| 999 |
_c13600 _d13600 |
||